[Event "PSV Duisburg 1 - SK Werther 1"]
[Site "NRW-Klasse, Gruppe 1 2015/201"]
[Date "2016.03.06"]
[Round "7.8"]
[White "Brueggemann, Josef"]
[Black "Geisler, Reinhard"]
[Result "1/2-1/2"]
[WhiteElo "1984"]
[BlackElo "1741"]
[PlyCount "69"]
[EventDate "2016.??.??"]
[WhiteTeam "PSV Duisburg 1"]
[BlackTeam "SK Werther 1"]

1. e4 e6 2. d3 d5 3. Nd2 Nf6 4. Ngf3 Nc6 5. e5 Nd7 6. d4 f6 7. Bd3 Nb4 8. Bb5
c5 9. c3 Nc6 10. O-O cxd4 11. Nxd4 Nxd4 12. cxd4 f5 13. Nf3 Be7 14. Bd2 O-O 15.
Rc1 a6 16. Bd3 Nb8 17. Qb3 Nc6 18. Rc2 g5 19. Bc3 g4 20. Nd2 b5 21. a3 Qb6 22.
Rfc1 Bd7 23. Nf1 f4 24. Rd2 Rac8 25. Qd1 f3 26. Ne3 h5 27. Bg6 Be8 28. Bxe8
Rcxe8 29. h3 Bg5 30. hxg4 Bxe3 31. fxe3 hxg4 32. Rf2 Qd8 33. gxf3 gxf3 34. Rxf3
Qg5+ 35. Kf2 1/2-1/2

[Event "SV Kamen 1 - Bahn-SC Wuppertal 1"]
[Site "NRW-Klasse, Gruppe 1 2015/201"]
[Date "2016.03.06"]
[Round "7.1"]
[White "Savchenko, Vyacheslav"]
[Black "Weidemann, Christian"]
[Result "1/2-1/2"]
[WhiteElo "2325"]
[BlackElo "2297"]
[PlyCount "110"]
[EventDate "2016.??.??"]
[WhiteTeam "Bahn-SC Wuppertal 1"]
[BlackTeam "SV Kamen 1"]

1. e4 c5 2. Nf3 Nf6 3. Nc3 e6 4. d4 cxd4 5. Nxd4 Nc6 6. Be2 Bb4 7. O-O Bxc3 8.
bxc3 Nxe4 9. Qd3 d5 10. Ba3 f6 11. Rfd1 Nxd4 12. cxd4 Bd7 13. c4 Bc6 14. Rac1
Kf7 15. cxd5 exd5 16. Qh3 g6 17. Bd3 Kg7 18. Bxe4 dxe4 19. d5 Bd7 20. Qe3 Re8
21. Bb2 a6 22. Rc4 Bb5 23. Rcd4 Qb6 24. Qb3 Qd6 25. Ba3 Qd7 26. h3 Rac8 27. d6
Re6 28. Qe3 Rce8 29. Bb2 Bc6 30. Qf4 Rd8 31. h4 Rf8 32. Rc4 Rd8 33. h5 Qf7 34.
Rc5 Rd7 35. g4 Kg8 36. Ba3 e3 37. h6 Re4 38. Qxe4 exf2+ 39. Kxf2 Bxe4 40. Rc8+
Qf8 41. Rxf8+ Kxf8 42. Ke3 Bc6 43. Kd4 Kf7 44. Kc5 Bf3 45. Rd4 g5 46. Kb6 Kg6
47. Ka7 f5 48. gxf5+ Kxf5 49. Kb8 g4 50. Kc8 Ke6 51. Rd3 Bc6 52. Re3+ Kf5 53.
Rc3 Ke6 54. Re3+ Kf5 55. Rc3 Ke6 1/2-1/2

[Event "SV Kamen 1 - Bahn-SC Wuppertal 1"]
[Site "NRW-Klasse, Gruppe 1 2015/201"]
[Date "2016.03.06"]
[Round "7.2"]
[White "Huckebrink, Chris"]
[Black "Savchenko, Aleksij"]
[Result "0-1"]
[WhiteElo "2108"]
[BlackElo "2195"]
[Annotator "Hausrath,Daniel"]
[PlyCount "130"]
[EventDate "2016.??.??"]
[WhiteTeam "SV Kamen 1"]
[BlackTeam "Bahn-SC Wuppertal 1"]

1. d4 Nf6 2. Nf3 e6 3. e3 b6 4. Bd3 Bb7 5. Nbd2 c5 6. c3 d5 7. Ne5 Nbd7 8. f4
Nxe5 9. fxe5 Nd7 10. O-O f5 11. exf6 Nxf6 12. Bb5+ Ke7 13. Qf3 a6 14. Bd3 Kd7
15. Nc4 Kc8 16. Ne5 Qe8 17. Qg3 Bc6 18. Bd2 c4 19. Bc2 Ra7 20. Qh3 Bd6 21. Nxc6
Qxc6 22. Qxe6+ Kb8 $11 23. Qh3 Re7 24. Be1 Rhe8 25. Rf3 Ne4 26. Bxe4 Rxe4 27.
Bg3 h6 28. Raf1 Ka8 29. Bxd6 Qxd6 30. Qf5 Kb7 31. Qf7+ R4e7 32. Qf4 Qxf4 33.
exf4 Re2 34. R3f2 Kc6 35. g4 R2e4 36. h3 b5 37. f5 b4 38. f6 gxf6 39. Rxf6+
R8e6 40. Rxe6+ Rxe6 41. Kf2 b3 42. a3 Rf6+ 43. Ke2 Re6+ 44. Kd2 h5 45. g5 h4
46. Rf6 Rxf6 47. gxf6 Kd6 48. Ke3 Ke6 49. Kf4 Kxf6 50. Kg4 Kg6 51. Kxh4 Kf5 52.
Kg3 Ke4 53. h4 Kd3 54. h5 Kc2 55. h6 Kxb2 56. h7 Ka1 57. h8=Q b2 58. Qg8 b1=Q
59. Qxd5 $11 Qe1+ 60. Kf4 Qxc3 61. Qe5 Qd2+ 62. Kf5 c3 63. d5 Kb1 64. Qe4+ c2
65. Ke6 Ka1 0-1

[Event "SV Kamen 1 - Bahn-SC Wuppertal 1"]
[Site "NRW-Klasse, Gruppe 1 2015/201"]
[Date "2016.03.06"]
[Round "7.3"]
[White "Bashilin, Roman"]
[Black "Luetke, Jens"]
[Result "1-0"]
[WhiteElo "2230"]
[BlackElo "2201"]
[Annotator "Hausrath,Daniel"]
[PlyCount "75"]
[EventDate "2016.??.??"]
[WhiteTeam "Bahn-SC Wuppertal 1"]
[BlackTeam "SV Kamen 1"]

1. d4 f5 2. Bg5 Nf6 3. Bxf6 exf6 4. e3 d5 5. Bd3 Be6 6. Qf3 Qd7 7. Ne2 Nc6 8.
a3 O-O-O 9. Nbc3 g6 10. Nf4 Bf7 11. h4 h5 12. O-O-O Kb8 13. Bb5 Qd6 14. Nd3 Bh6
15. Bxc6 Qxc6 16. Nb4 Qd7 17. g3 Rhe8 18. Kb1 Bf8 19. Qe2 a5 20. Nba2 Re6 21.
Qb5 Qc8 22. Qxa5 Ra6 23. Qb5 Bxa3 24. Qd3 Bf8 25. b4 Qe6 26. Ne2 Qb6 27. Qb3
Be8 28. Nec3 Qa7 29. Kb2 b6 30. Ra1 $11 Ba4 31. Nxa4 Rxa4 32. b5 Ba3+ 33. Kc3
c5 34. bxc6 Qa5+ 35. Kd3 Qa6+ 36. Kd2 Kc7 37. Nc3 Ra5 38. Rxa3 1-0

[Event "SV Kamen 1 - Bahn-SC Wuppertal 1"]
[Site "NRW-Klasse, Gruppe 1 2015/201"]
[Date "2016.03.06"]
[Round "7.4"]
[White "Himmel, Hansjoerg"]
[Black "Ries, Benjamin"]
[Result "1-0"]
[WhiteElo "2160"]
[BlackElo "2164"]
[PlyCount "93"]
[EventDate "2016.??.??"]
[WhiteTeam "SV Kamen 1"]
[BlackTeam "Bahn-SC Wuppertal 1"]

1. e4 c6 2. d4 d5 3. e5 Bf5 4. Nf3 e6 5. Be2 Nd7 6. O-O Bg6 7. Nbd2 Nh6 8. Nb3
Nf5 9. Ne1 Be7 10. Nd3 Qb6 11. Nf4 c5 12. c3 Rc8 13. Kh1 a6 14. Nxg6 hxg6 15.
Rb1 f6 16. g4 Nh4 17. f4 g5 18. exf6 gxf6 19. Be3 c4 20. Nd2 gxf4 21. Bxf4 e5
22. Be3 Qe6 23. Rf2 Ng6 24. Nf1 Nh4 25. Qc2 e4 26. Ng3 Bd6 27. Rg1 Ke7 28. Qd2
Rh7 29. Bf4 Rch8 30. Bxd6+ Qxd6 31. Qe3 Kd8 32. Nh5 Kc8 33. Qg3 Qxg3 34. Nxg3
Kd8 35. Nh5 f5 36. h3 Ke7 37. Kh2 Rf8 38. Kg3 Rxh5 39. gxh5 Rg8+ 40. Kh2 Rxg1
41. Kxg1 Kf6 42. Kh2 Kg5 43. Kg3 Nf8 44. Rf4 Ne6 45. Rxh4 f4+ 46. Rxf4 Nxf4 47.
h4+ 1-0

[Event "SV Kamen 1 - Bahn-SC Wuppertal 1"]
[Site "NRW-Klasse, Gruppe 1 2015/201"]
[Date "2016.03.06"]
[Round "7.5"]
[White "Tueckmantel, Rene"]
[Black "Kleinegger, Frank"]
[Result "0-1"]
[WhiteElo "2132"]
[BlackElo "2131"]
[PlyCount "34"]
[EventDate "2016.??.??"]
[WhiteTeam "Bahn-SC Wuppertal 1"]
[BlackTeam "SV Kamen 1"]

1. c4 c6 2. e4 d5 3. exd5 cxd5 4. d4 Nf6 5. Nc3 Nc6 6. Bg5 Be6 7. Nf3 g6 8.
Bxf6 exf6 9. Qb3 dxc4 10. Qxb7 Nb4 11. O-O-O Bh6+ 12. Nd2 Rb8 13. Qe4 O-O 14.
f4 Bf5 15. Qf3 Qxd4 16. Nde4 Nxa2+ 17. Kc2 Qb6 0-1

[Event "SV Kamen 1 - Bahn-SC Wuppertal 1"]
[Site "NRW-Klasse, Gruppe 1 2015/201"]
[Date "2016.03.06"]
[Round "7.6"]
[White "Kilian, Ralf"]
[Black "Werbeck, Torsten"]
[Result "1/2-1/2"]
[WhiteElo "2121"]
[BlackElo "2064"]
[PlyCount "52"]
[EventDate "2016.??.??"]
[WhiteTeam "SV Kamen 1"]
[BlackTeam "Bahn-SC Wuppertal 1"]

1. d4 Nf6 2. Nf3 c5 3. c4 cxd4 4. Nxd4 g6 5. Nc3 Bg7 6. g3 O-O 7. Bg2 Nc6 8.
O-O Nxd4 9. Qxd4 d6 10. Qd2 Rb8 11. b3 a6 12. Bb2 Bd7 13. Rac1 Qa5 14. a3 Qh5
15. Nd5 Nxd5 16. Bxg7 Kxg7 17. cxd5 Rfc8 18. f4 Qf5 19. Qd4+ Qf6 20. Qxf6+ exf6
21. Kf2 f5 22. Ke3 Kf6 23. Kd4 Ke7 24. Rfe1 Kd8 25. e3 Rxc1 26. Rxc1 Rc8
1/2-1/2

[Event "SV Kamen 1 - Bahn-SC Wuppertal 1"]
[Site "NRW-Klasse, Gruppe 1 2015/201"]
[Date "2016.03.06"]
[Round "7.7"]
[White "Bogorad, Michail"]
[Black "Georg, Heinz"]
[Result "1/2-1/2"]
[WhiteElo "2041"]
[BlackElo "2155"]
[Annotator "Hausrath,Daniel"]
[PlyCount "159"]
[EventDate "2016.??.??"]
[WhiteTeam "Bahn-SC Wuppertal 1"]
[BlackTeam "SV Kamen 1"]

1. e4 e5 2. Nf3 Nc6 3. Bb5 f5 4. d3 Nf6 5. Nc3 d6 6. O-O Be7 7. Nd5 O-O 8. Bc4
Nxd5 9. Bxd5+ Kh8 10. h3 Qe8 11. exf5 Bxf5 12. Be3 Qg6 13. Kh1 Nd8 14. Nh2 c6
15. Bf3 Bg5 16. Bg4 Ne6 17. Bxf5 Rxf5 18. a4 d5 19. a5 a6 20. Nf3 Raf8 21. Nxg5
Nxg5 22. Bxg5 Rxg5 23. g3 e4 24. Qe2 exd3 25. Qxd3 Qe6 26. Kg2 Re5 27. Rad1 h6
28. Rd2 Re4 29. Qb3 Rf7 30. Qd3 Qe5 31. b3 Re7 32. h4 Qe6 33. Rh1 Qf6 34. Qf3
Qe6 35. Qd3 h5 36. Qf3 g6 37. Rf1 Kh7 38. Qd3 Qe5 39. f4 Qf5 40. Rf3 d4 41. b4
Qd5 42. c4 Qf5 43. Rdf2 Kh6 44. Qd2 Kh7 45. Qd3 R7e6 46. Kh2 Rd6 47. Kg2 Kg7
48. Kh2 $11 Kf6 49. Kg2 Re1 50. Rd2 Rb1 51. Qe2 Qe6 52. Qe5+ Kf7 53. Rdf2 d3
54. Qh8 Qf6 55. Qh7+ Qg7 56. Qxg7+ Kxg7 57. Rd2 Rxb4 58. Rfxd3 Rxd3 59. Rxd3
Kf6 60. Rd7 Kf5 61. Kh3 Ke6 62. Rg7 Kf6 63. Rd7 Ra4 64. Rxb7 Rxa5 65. Rb6 Rc5
66. Rxa6 Rxc4 67. Ra8 Rc2 68. Rf8+ Ke7 69. Rg8 Kf7 70. Rc8 c5 71. Rc6 c4 72.
Rc5 Kf6 73. Rc6+ Kf5 74. Rc5+ Ke4 75. Rg5 Kf3 76. f5 Rc1 77. Kh2 Rc2+ 78. Kh3
Rc1 79. Kh2 Rc2+ 80. Kh3 1/2-1/2

[Event "SV Kamen 1 - Bahn-SC Wuppertal 1"]
[Site "NRW-Klasse, Gruppe 1 2015/201"]
[Date "2016.03.06"]
[Round "7.8"]
[White "Seepe, Udo"]
[Black "El Mali, Naufel"]
[Result "1/2-1/2"]
[WhiteElo "2042"]
[BlackElo "2094"]
[PlyCount "23"]
[EventDate "2016.??.??"]
[WhiteTeam "SV Kamen 1"]
[BlackTeam "Bahn-SC Wuppertal 1"]

1. Nf3 c5 2. c4 Nc6 3. g3 e5 4. Nc3 g6 5. Bg2 Bg7 6. O-O Nge7 7. Ne1 d6 8. Nc2
Be6 9. Ne3 O-O 10. d3 a6 11. Ned5 Rb8 12. a4 1/2-1/2

[Event "SV Erkenschwick 1 - LSV Turm Lippstadt "]
[Site "NRW-Klasse, Gruppe 1 2015/201"]
[Date "2016.03.06"]
[Round "7.1"]
[White "Wehmeier, Stefan"]
[Black "Erwich, Marc"]
[Result "1/2-1/2"]
[WhiteElo "2393"]
[BlackElo "2286"]
[PlyCount "105"]
[EventDate "2016.??.??"]
[WhiteTeam "LSV Turm Lippstadt 1"]
[BlackTeam "SV Erkenschwick 1"]

1. e4 e5 2. Nf3 Nc6 3. c3 Nf6 4. d3 d5 5. Qc2 h6 6. b4 a6 7. a3 Bg4 8. Nbd2 Qd7
9. Bb2 Qe6 10. h3 Bh5 11. g4 Bg6 12. Nh4 Bh7 13. Bg2 O-O-O 14. Nf5 Ne7 15. Nb3
Ng6 16. O-O-O Nf4 17. Bf3 Kb8 18. exd5 N6xd5 19. c4 Nb6 20. Nc5 Bxc5 21. bxc5
Nd7 22. c6 Nc5 23. d4 exd4 24. Bxd4 Rxd4 25. Rxd4 Qe5 26. Rhd1 Nfe6 27. Qc3
Nxd4 28. Nxd4 Rd8 29. Qe3 Qxe3+ 30. fxe3 Nd3+ 31. Kd2 Ne5 32. Ke2 Nxf3 33. Kxf3
Rd6 34. e4 b5 35. cxb5 axb5 36. Ke3 Rd8 37. Rb1 Re8 38. Rxb5+ Kc8 39. Nf5 Re6
40. Rc5 Kb8 41. e5 g5 42. Kd4 Ka7 43. Ne3 f6 44. Nc4 fxe5+ 45. Nxe5 Rd6+ 46.
Rd5 Rxd5+ 47. Kxd5 Kb6 48. Nc4+ Kb5 49. Nd6+ Kb6 50. Nc8+ Kb5 51. Ne7 Bd3 52.
a4+ Kxa4 53. Ke6 1/2-1/2

[Event "SV Erkenschwick 1 - LSV Turm Lippstadt "]
[Site "NRW-Klasse, Gruppe 1 2015/201"]
[Date "2016.03.06"]
[Round "7.2"]
[White "Jens, Jelmer"]
[Black "Wagner, Alexej"]
[Result "1-0"]
[WhiteElo "2297"]
[BlackElo "2236"]
[PlyCount "37"]
[EventDate "2016.??.??"]
[WhiteTeam "SV Erkenschwick 1"]
[BlackTeam "LSV Turm Lippstadt 1"]

1. e4 c5 2. Nf3 d6 3. d4 cxd4 4. Nxd4 Nf6 5. Nc3 a6 6. Bg5 e6 7. f4 Nbd7 8. Qe2
Qc7 9. O-O-O b5 10. g4 h6 11. Bh4 Bb7 12. Bg2 Rc8 13. e5 dxe5 14. fxe5 Nh7 15.
Ndxb5 Qb8 16. Qd2 Rc7 17. Nxc7+ Qxc7 18. Qxd7+ Qxd7 19. Rxd7 1-0

[Event "SV Erkenschwick 1 - LSV Turm Lippstadt "]
[Site "NRW-Klasse, Gruppe 1 2015/201"]
[Date "2016.03.06"]
[Round "7.3"]
[White "Hecht, Carsten"]
[Black "Erwich, Frank"]
[Result "0-1"]
[WhiteElo "2207"]
[BlackElo "2329"]
[PlyCount "60"]
[EventDate "2016.??.??"]
[WhiteTeam "LSV Turm Lippstadt 1"]
[BlackTeam "SV Erkenschwick 1"]

1. e4 e5 2. Nf3 Nc6 3. Bb5 a6 4. Ba4 Nf6 5. O-O Be7 6. d3 d6 7. c3 b5 8. Bc2
O-O 9. Re1 d5 10. Nbd2 d4 11. a4 Bg4 12. h3 Bh5 13. Nf1 Bxf3 14. Qxf3 b4 15. c4
Nd7 16. Qg4 Nc5 17. b3 Kh8 18. Ng3 Ne6 19. Nf5 Bf6 20. g3 g6 21. Nh6 Qe7 22. h4
Bg7 23. Kg2 f5 24. exf5 gxf5 25. Nxf5 Qf6 26. Nxg7 Qxf2+ 27. Kh3 Qxe1 28. Qxe6
Qf1+ 29. Kg4 Qe2+ 30. Kg5 Qf3 0-1

[Event "SV Erkenschwick 1 - LSV Turm Lippstadt "]
[Site "NRW-Klasse, Gruppe 1 2015/201"]
[Date "2016.03.06"]
[Round "7.4"]
[White "Langers, Alexander"]
[Black "Meier, Jan"]
[Result "1/2-1/2"]
[WhiteElo "2201"]
[BlackElo "2041"]
[PlyCount "56"]
[EventDate "2016.??.??"]
[WhiteTeam "SV Erkenschwick 1"]
[BlackTeam "LSV Turm Lippstadt 1"]

1. e4 c5 2. Nf3 e6 3. d4 cxd4 4. Nxd4 a6 5. Nc3 Qc7 6. Bd3 Nc6 7. Nxc6 bxc6 8.
O-O Nf6 9. Re1 e5 10. Qf3 Be7 11. Bd2 O-O 12. h3 d6 13. Ne2 Be6 14. Ng3 Nd7 15.
Nf5 Nc5 16. Bf1 Bxf5 17. Qxf5 g6 18. Qf3 f5 19. Bc4+ Kg7 20. exf5 Rxf5 21. Qa3
d5 22. Bd3 Rf7 23. Qc3 Bd6 24. b4 Ne6 25. Rab1 Kg8 26. Qb2 Nf4 27. Bf1 Qb6 28.
Be3 Qd8 1/2-1/2

[Event "SV Erkenschwick 1 - LSV Turm Lippstadt "]
[Site "NRW-Klasse, Gruppe 1 2015/201"]
[Date "2016.03.06"]
[Round "7.5"]
[White "Grobbel, Rainer"]
[Black "Homs, Guust"]
[Result "1/2-1/2"]
[WhiteElo "2110"]
[BlackElo "2186"]
[PlyCount "82"]
[EventDate "2016.??.??"]
[WhiteTeam "LSV Turm Lippstadt 1"]
[BlackTeam "SV Erkenschwick 1"]

1. d4 d5 2. c4 e6 3. Nc3 Nf6 4. Bg5 Be7 5. Nf3 Nbd7 6. cxd5 exd5 7. e3 c6 8.
Bd3 h6 9. Bh4 O-O 10. O-O Ne4 11. Bxe7 Qxe7 12. Qc2 Re8 13. Rab1 a5 14. a3 Nd6
15. Rfe1 Nf6 16. Na4 Be6 17. Nb6 Ra7 18. Ne5 Nc8 19. Na4 Nd7 20. f4 f6 21. Ng6
Qd8 22. Nh4 Nd6 23. Bh7+ Kh8 24. Bg6 Bf7 25. Nc5 Bxg6 26. Nxg6+ Kg8 27. e4 Nxe4
28. Nxe4 dxe4 29. Rxe4 Nf8 30. Qc4+ Kh7 31. Nxf8+ Rxf8 32. Rbe1 Kh8 33. Re7 b5
34. Qc5 Rxe7 35. Rxe7 Re8 36. Rxe8+ Qxe8 37. Kf2 Qe4 38. f5 Qf4+ 39. Ke2 Qe4+
40. Kf2 Qf4+ 41. Ke2 Qe4+ 1/2-1/2

[Event "SV Erkenschwick 1 - LSV Turm Lippstadt "]
[Site "NRW-Klasse, Gruppe 1 2015/201"]
[Date "2016.03.06"]
[Round "7.6"]
[White "Krings, Christoph"]
[Black "Laurenz, Waldemar"]
[Result "1-0"]
[WhiteElo "2122"]
[BlackElo "1938"]
[PlyCount "111"]
[EventDate "2016.??.??"]
[WhiteTeam "SV Erkenschwick 1"]
[BlackTeam "LSV Turm Lippstadt 1"]

1. d4 Nf6 2. Nf3 b6 3. g3 Bb7 4. Bg2 e6 5. O-O Be7 6. c4 O-O 7. Re1 d6 8. Nc3
Ne4 9. Qc2 f5 10. Nd2 d5 11. Ndxe4 dxe4 12. Bf4 Bd6 13. Bxd6 cxd6 14. f3 d5 15.
e3 Nd7 16. fxe4 dxe4 17. b4 Ba6 18. Qb3 Nf6 19. c5 Nd5 20. Nxd5 Qxd5 21. Qxd5
exd5 22. a4 Bc4 23. Bf1 Bxf1 24. Kxf1 Kf7 25. Rec1 Rfc8 26. b5 bxc5 27. dxc5
Rab8 28. Rab1 Ke6 29. a5 Kd7 30. a6 h6 31. b6 Rc6 32. bxa7 Ra8 33. Rb7+ Rc7 34.
Rd1 Rxa7 35. Rxd5+ Kc6 36. Rxc7+ Rxc7 37. Rxf5 Re7 38. g4 Kb5 39. h4 Kxa6 40.
Kf2 Kb5 41. Kg3 g6 42. Rf6 Kxc5 43. Rxg6 Rf7 44. Rxh6 Rf3+ 45. Kg2 Rxe3 46. Re6
Kd5 47. Re8 Re2+ 48. Kg3 Kd4 49. h5 Re1 50. h6 Rh1 51. g5 e3 52. Kf3 Rh3+ 53.
Kg4 Rh1 54. Kf5 Kd3 55. Kg6 e2 56. h7 1-0

[Event "SV Erkenschwick 1 - LSV Turm Lippstadt "]
[Site "NRW-Klasse, Gruppe 1 2015/201"]
[Date "2016.03.06"]
[Round "7.7"]
[White "Riesner, Daniel"]
[Black "Eggenstein, Frank"]
[Result "1/2-1/2"]
[WhiteElo "1872"]
[BlackElo "1939"]
[Annotator "Hausrath,Daniel"]
[PlyCount "79"]
[EventDate "2016.??.??"]
[WhiteTeam "LSV Turm Lippstadt 1"]
[BlackTeam "SV Erkenschwick 1"]

1. d4 Nf6 2. Nf3 g6 3. Nbd2 d5 4. b4 Bg7 5. e3 Bf5 6. c4 c6 7. Be2 O-O 8. O-O
Nbd7 9. Bb2 h6 10. Qb3 g5 11. cxd5 cxd5 12. Rac1 Rc8 13. b5 Re8 14. h3 Bf8 15.
Qa4 Qb6 16. Bc3 Bh7 17. Ba5 Qe6 18. Bb4 Qb6 19. Nb3 e6 20. Bxf8 Rxf8 21. Nfd2
Ne4 22. Nxe4 Bxe4 23. Qb4 Bc2 24. Nc5 Nxc5 25. Rxc2 Ne4 26. Rfc1 Rxc2 27. Rxc2
Qd8 28. Bd3 Nd6 29. Qc5 Qb8 30. b6 axb6 31. Qxb6 Qd8 32. Qc5 Qb8 $11 33. Qb4
Rc8 34. Rc5 b6 35. Rxc8+ Nxc8 36. Qc3 Qb7 37. a4 Nd6 38. g3 Kf8 39. Kg2 Ke7 40.
Qb4 1/2-1/2

[Event "SV Erkenschwick 1 - LSV Turm Lippstadt "]
[Site "NRW-Klasse, Gruppe 1 2015/201"]
[Date "2016.03.06"]
[Round "7.8"]
[White "Schulze Bisping, Franz-Adolf"]
[Black "Neudorf, Noah Levin"]
[Result "1-0"]
[WhiteElo "1835"]
[BlackElo "1734"]
[Annotator "Hausrath,Daniel"]
[PlyCount "87"]
[EventDate "2016.??.??"]
[WhiteTeam "SV Erkenschwick 1"]
[BlackTeam "LSV Turm Lippstadt 1"]

1. d4 e6 2. c4 b6 3. Nc3 Bb7 4. Nf3 f5 5. d5 Be7 6. Bf4 Nf6 7. e3 O-O 8. Be2
Nh5 9. dxe6 Nxf4 10. exf4 dxe6 11. O-O Nc6 12. Ne5 Nxe5 13. fxe5 Bc5 14. Bf3
Qxd1 15. Raxd1 Bxf3 16. gxf3 Rfd8 17. Ne2 Kf7 18. f4 h6 19. Kg2 Ke7 20. Kf3
Rxd1 21. Rxd1 Rd8 22. Rxd8 $11 Kxd8 23. Nc1 Kd7 24. Nd3 Be7 25. Ke3 Kc6 26. a4
Bc5+ 27. Kf3 a5 28. Kg3 Be7 29. Kf3 Bc5 30. Kg3 Bd4 31. Kh4 g6 32. Kg3 Bxb2 33.
Nxb2 Kc5 34. h4 h5 35. Kf3 Kd4 36. Nd1 Kxc4 37. Ke3 Kb3 38. Kd3 Kxa4 39. Nc3+
Kb4 40. Nd5+ Kc5 41. Nxc7 a4 42. Nxe6+ Kd5 43. Nd4 a3 44. Nc2 1-0

[Event "Kölner SK Dr. Lasker 1 - SK Königssprin"]
[Site "NRW-Klasse, Gruppe 1 2015/201"]
[Date "2016.03.06"]
[Round "7.1"]
[White "Scheider, Julian"]
[Black "Paris, Michael"]
[Result "1/2-1/2"]
[WhiteElo "2291"]
[BlackElo "2154"]
[PlyCount "130"]
[EventDate "2016.??.??"]
[WhiteTeam "SK Königsspringer Iserlohn 1"]
[BlackTeam "Kölner SK Dr. Lasker 1"]

1. e4 e5 2. Nf3 Nc6 3. d4 exd4 4. Nxd4 Bb4+ 5. c3 Bc5 6. Nxc6 bxc6 7. Bd3 Ne7
8. O-O d6 9. Nd2 O-O 10. Qc2 Ng6 11. b4 Bb6 12. Nc4 Ba6 13. a4 Bxc4 14. Bxc4 a5
15. Kh1 Qf6 16. Bd2 Ne5 17. Be2 Qh4 18. f4 Ng4 19. Bxg4 Qxg4 20. Qd3 Rfe8 21.
Rfe1 h6 22. Qc4 Qd7 23. b5 d5 24. Qd3 Rad8 25. e5 cxb5 26. axb5 c5 27. f5 c4
28. Qh3 Bc7 29. Bf4 Kh7 30. Qh5 f6 31. e6 Qe7 32. Be3 Be5 33. Bd4 Bxd4 34. cxd4
Qb4 35. Rab1 Qd2 36. e7 Rb8 37. Qf7 Qxd4 38. Rbd1 Qf4 39. Qxd5 c3 40. g3 Qf2
41. Qd3 Qc5 42. Rc1 Rxe7 43. Rxe7 Qxe7 44. Rxc3 Qb7+ 45. Qf3 Qxf3+ 46. Rxf3
Rxb5 47. Kg2 h5 48. h4 Kg8 49. Kh3 a4 50. Ra3 Rb4 51. Rc3 Rb3 52. Rc8+ Kh7 53.
Ra8 a3 54. Ra6 Re3 55. Ra8 Rd3 56. Ra6 Kg8 57. Ra7 Kf8 58. Ra8+ Ke7 59. Ra7+
Kd6 60. Rxg7 Rd1 61. Ra7 Ra1 62. Ra5 a2 63. Kg2 Kc6 64. g4 hxg4 65. h5 Kd6
1/2-1/2

[Event "Kölner SK Dr. Lasker 1 - SK Königssprin"]
[Site "NRW-Klasse, Gruppe 1 2015/201"]
[Date "2016.03.06"]
[Round "7.2"]
[White "Lindam, Ingo"]
[Black "Kramps, Rene"]
[Result "1/2-1/2"]
[WhiteElo "2058"]
[BlackElo "2039"]
[PlyCount "21"]
[EventDate "2016.??.??"]
[WhiteTeam "Kölner SK Dr. Lasker 1"]
[BlackTeam "SK Königsspringer Iserlohn 1"]

1. d4 Nf6 2. Bg5 e6 3. Nd2 c5 4. e3 d5 5. c3 Be7 6. Bd3 Bd7 7. Ngf3 Qb6 8. Rb1
Bb5 9. Bc2 Nc6 10. a4 Ba6 11. Nb3 1/2-1/2

[Event "Kölner SK Dr. Lasker 1 - SK Königssprin"]
[Site "NRW-Klasse, Gruppe 1 2015/201"]
[Date "2016.03.06"]
[Round "7.3"]
[White "Franke, Thomas"]
[Black "Kloss, Henning"]
[Result "1/2-1/2"]
[WhiteElo "2074"]
[BlackElo "2165"]
[PlyCount "49"]
[EventDate "2016.??.??"]
[WhiteTeam "SK Königsspringer Iserlohn 1"]
[BlackTeam "Kölner SK Dr. Lasker 1"]

1. e4 e5 2. Nf3 Nc6 3. Bb5 a6 4. Ba4 Nf6 5. O-O Be7 6. Re1 b5 7. Bb3 d6 8. c3
O-O 9. h3 Na5 10. Bc2 c5 11. d4 Nd7 12. Nbd2 exd4 13. cxd4 Nc6 14. Nf1 Bf6 15.
Be3 Bb7 16. Ng3 g6 17. Qd2 Nb6 18. Bb3 cxd4 19. Nxd4 Ne5 20. Rad1 Nbc4 21. Qe2
Nxe3 22. Qxe3 Qb6 23. Ndf5 Qxe3 24. Nxe3 Rfd8 25. Bd5 1/2-1/2

[Event "Kölner SK Dr. Lasker 1 - SK Königssprin"]
[Site "NRW-Klasse, Gruppe 1 2015/201"]
[Date "2016.03.06"]
[Round "7.4"]
[White "Nagel, Bernhard"]
[Black "Kind, Bertram"]
[Result "1/2-1/2"]
[WhiteElo "2224"]
[BlackElo "2170"]
[PlyCount "109"]
[EventDate "2016.??.??"]
[WhiteTeam "Kölner SK Dr. Lasker 1"]
[BlackTeam "SK Königsspringer Iserlohn 1"]

1. d4 Nf6 2. c4 e6 3. Nc3 Bb4 4. Qc2 d5 5. cxd5 exd5 6. Bg5 h6 7. Bh4 O-O 8.
Nf3 Be6 9. e3 Nbd7 10. Be2 c6 11. O-O Qb6 12. Na4 Qc7 13. Bg3 Bd6 14. Nc5 Bxg3
15. hxg3 Nxc5 16. dxc5 Rfe8 17. Bd3 Bd7 18. Rfd1 Bg4 19. Rd2 Re7 20. Rb1 Rae8
21. Nd4 Qe5 22. Bf5 Bh5 23. Nf3 Bxf3 24. gxf3 g6 25. Bh3 Nh7 26. Bg2 Qf6 27. f4
Qe6 28. b4 a6 29. a4 Nf6 30. b5 axb5 31. axb5 Ne4 32. Bxe4 Qxe4 33. bxc6 bxc6
34. Rb6 Qxc2 35. Rxc2 Rc8 36. Ra2 Kf8 37. Raa6 Rec7 38. f3 f5 39. Kf2 Ke7 40.
Rb4 Kf7 41. Ke2 Re8 42. Rab6 Kf6 43. Kd3 Re6 44. Rb7 Rxb7 45. Rxb7 g5 46. Rh7
Kg6 47. Rd7 Kf6 48. fxg5+ hxg5 49. Rd8 Kf7 50. Rd7+ Kf6 51. Rc7 Kg6 52. f4 gxf4
53. gxf4 Kf6 54. Rc8 Kf7 55. Rc7+ 1/2-1/2

[Event "Kölner SK Dr. Lasker 1 - SK Königssprin"]
[Site "NRW-Klasse, Gruppe 1 2015/201"]
[Date "2016.03.06"]
[Round "7.6"]
[White "Cramer, Volker"]
[Black "Klauke, Stefan"]
[Result "0-1"]
[WhiteElo "2065"]
[BlackElo "2099"]
[PlyCount "70"]
[EventDate "2016.??.??"]
[WhiteTeam "Kölner SK Dr. Lasker 1"]
[BlackTeam "SK Königsspringer Iserlohn 1"]

1. d4 d5 2. Bg5 Nc6 3. Nf3 h6 4. Bh4 Bg4 5. e3 Nf6 6. c4 e6 7. Nc3 Be7 8. Bxf6
Bxf6 9. cxd5 exd5 10. Qb3 Ne7 11. Be2 Bc8 12. e4 dxe4 13. Nxe4 Nf5 14. Nxf6+
Qxf6 15. d5 O-O 16. O-O c6 17. dxc6 bxc6 18. Qc2 Be6 19. Bc4 Rfe8 20. Bxe6 Rxe6
21. Rfe1 Rae8 22. Rxe6 Rxe6 23. Rd1 g5 24. h3 Ne7 25. Rd8+ Kg7 26. Qc5 Qxb2 27.
Re8 Qb1+ 28. Kh2 Qb6 29. Qc3+ f6 30. Nd4 Re5 31. Qc4 Qc7 32. g3 Qd7 33. Ra8 c5
34. Nb3 Qb7 35. Rd8 Re1 0-1

[Event "Kölner SK Dr. Lasker 1 - SK Königssprin"]
[Site "NRW-Klasse, Gruppe 1 2015/201"]
[Date "2016.03.06"]
[Round "7.7"]
[White "Schwanbeck, Christoph"]
[Black "Loseries, Uwe"]
[Result "1-0"]
[WhiteElo "2076"]
[BlackElo "2144"]
[PlyCount "67"]
[EventDate "2016.??.??"]
[WhiteTeam "SK Königsspringer Iserlohn 1"]
[BlackTeam "Kölner SK Dr. Lasker 1"]

1. Nf3 Nf6 2. d4 c5 3. c3 e6 4. Bf4 d5 5. e3 Nc6 6. Nbd2 Bd6 7. Bg3 O-O 8. Bd3
Qe7 9. Ne5 Nd7 10. f4 f5 11. O-O Nf6 12. Bh4 Qc7 13. Rc1 c4 14. Be2 Bd7 15. g4
b5 16. Kh1 Be7 17. Bf3 Ne4 18. Bxe7 Nxe7 19. Qe2 Nc6 20. Rg1 Nxe5 21. fxe5 Nxd2
22. Qxd2 Qd8 23. gxf5 Rxf5 24. Qg2 Rf7 25. Bh5 Re7 26. Rcf1 Be8 27. Bf7+ Rxf7
28. Rxf7 g6 29. Rf6 Qe7 30. Qg5 Qd7 31. Rgf1 Kg7 32. R1f3 Rb8 33. Rf8 Qd8 34.
R3f7+ 1-0